00787cam a2200193 a 4500999001700000008004100017020002800058050002800086100002100114245007600135250002100211260004100232300003400273500002000307650006600327650003600393942003800429952012600467 c17564d17564970327s1997 nyua 001 0 eng  a0517706709 (alk. paper)00aNK2115.5.R45 bC37 19971 aCargill, Katrin.12aA passion for pattern /cKatrin Cargill ; photography by James Merrell. a1st American ed. aNew York :bClarkson Potter,cc1997. a192 p. :bcol. ill. ;c27 cm. aIncludes index. 0aRepetitive patterns (Decorative arts) in interior decoration. 0aTexture in interior decoration. 2lcccBOOKShNK2115.5.R45 C37 1997 00102lcc4070aMUCbMUCcGENd2016-11-28eDonation(BFA)l0oNK2115.5.R45 C37 1997p28546r2019-06-07w2016-11-28yBOOKS